000 00201 a2200085 4500
020 _a9789352871988
100 _aJodhka, S.S.
245 _aA Handbook of Rural India
260 _b The Orient Blackswan;
_c2018
999 _c13205
_d13205